000 00453nam a2200145Ia 4500
008 090122s9999 xx 000 0 und d
082 _b7299
_a910.09
100 _aघाणेकर
_bप्र
_cके
245 _aकोकणतील पर्यटन
600 _aघाणेकर
630 _aकोकणतील पर्यटन
700 _aघाणेकर
730 _aकोकणतील पर्यटन
942 _cBOOK
999 _c31376
_d31376